00642nam a22002057a 450000500170000001000130001702000230003003500130005303700160006604000120008208200110009410000310010524500950013626000370023127000590026830000210032765000480034865000190039670000210041520170124110123.0 aA-953736 c100.00a8126000597 aA-953736 bCen Lib/Ret aDPLbEN aNbRAO aRoa, Kodavatiganti Kutumba aSundaram learns /cby Kodavatiganti Kutumba Rao; translated from telugu by V.V.B. Rama Rao aNew DelhibSahitya Akademic1998 bNew DelhiaRabindra Bhavan, 35, Ferozshah Roade110001 a230p. c21cm(Hb) aTelugu fiction -- Translations into English aTelugu fiction aRao, V.V.B. Rama